000 00267nam a2200109Ia 4500
008 200302s9999 xx 000 0 und d
100 _aSabina Mareiros & Other
245 _aWood Design
260 _bRdaab daab online de Publishing
260 _c2005
300 _a399 P.,
999 _c5098
_d5098